header

The Best Hallowen Ever (Record no. 261100)

MARC details
000 -LEADER
fixed length control field 00240nam a22001097a 4500
020 ## - INTERNATIONAL STANDARD BOOK NUMBER
ISBN 9780545133821
100 ## - MAIN ENTRY--AUTHOR NAME
Personal name Barbara Robinson
245 ## - TITLE STATEMENT
Title The Best Hallowen Ever
260 ## - PUBLICATION, DISTRIBUTION, ETC. (IMPRINT)
Place of publication USA
Name of publisher Scholastic
Year of publication 2004
300 ## - PHYSICAL DESCRIPTION
Number of Pages 117 pgs
942 ## - ADDED ENTRY ELEMENTS (KOHA)
Koha item type Long Loan Books
Holdings
Withdrawn status Lost status Collection code Home library Current library Shelving location Date acquired Accession Number Koha item type
    Fiction Rongo University Library Rongo University Library Children's Area 30/10/2023 CL7282021 Long Loan Books

© 2026 Rongo University
Contact us: librarian | system librarian | Rongo university